[Event "EUYCC 2025 - U12"]
[Site "?"]
[Date "2025.08.27"]
[Round "9.5"]
[White "Kozusnik, Jan"]
[Black "Slusarczyk, Agnieszka"]
[Result "0-1"]
[BlackElo "1702"]
[WhiteElo "1726"]
[LiveChessVersion "1.4.8"]

1. e4 {[%clk 1:30:58]} e5 {[%clk 1:30:54]} 2. Nf3 {[%clk 1:31:23]} Nf6
{[%clk 1:31:19]} 3. Nc3 {[%clk 1:30:08]} Nc6 {[%clk 1:31:01]} 4. Bc4
{[%clk 1:29:55]} Nxe4 {[%clk 1:30:22]} 5. Bxf7+ {[%clk 1:29:04]} Kxf7
{[%clk 1:30:42]} 6. Nxe4 {[%clk 1:29:28]} d5 {[%clk 1:29:03]} 7. Neg5+
{[%clk 1:15:55]} Kg8 {[%clk 1:29:17]} 8. d3 {[%clk 1:15:40]} h6 {[%clk 1:28:49]}
9. Nh3 {[%clk 1:15:50]} Bg4 {[%clk 1:24:41]} 10. Nhg1 {[%clk 1:09:33]} e4
{[%clk 1:23:40]} 11. dxe4 {[%clk 1:09:38]} dxe4 {[%clk 1:23:52]} 12. Qxd8
{[%clk 1:09:23]} Rxd8 {[%clk 1:24:17]} 13. Nd2 {[%clk 1:09:37]} Nb4
{[%clk 1:24:11]} 14. Rb1 {[%clk 1:07:36]} Nxc2+ {[%clk 1:24:15]} 15. Kf1
{[%clk 1:07:58]} e3 {[%clk 1:23:35]} 16. fxe3 {[%clk 1:08:15]} Nxe3+
{[%clk 1:23:56]} 17. Kf2 {[%clk 1:08:28]} Nd1+ {[%clk 1:21:55]} 18. Kg3
{[%clk 1:08:16]} Bd6+ 19. Kxg4 {[%clk 1:08:22]} Nf2+ {[%clk 1:21:40]} 20. Kf3
{[%clk 1:08:47]} Nxh1 {[%clk 1:21:04]} 21. Ne4 {[%clk 1:08:06]} Rf8+
{[%clk 1:19:06]} 22. Ke3 {[%clk 1:08:03]} Nf2 {[%clk 1:15:42]} 23. Nxd6
{[%clk 1:07:25]} Ng4+ {[%clk 1:15:55]} 0-1

[Event "EUYCC 2025 - U12"]
[Site "?"]
[Date "2025.08.27"]
[Round "9.6"]
[White "Reren, Alexis Miriam"]
[Black "Strekalovs, Ernests"]
[Result "0-1"]
[BlackElo "1683"]
[WhiteElo "1576"]
[LiveChessVersion "1.4.8"]

1. d4 {[%clk 1:30:54]} Nf6 {[%clk 1:30:55]} 2. c4 {[%clk 1:31:17]} e6
{[%clk 1:31:20]} 3. Nc3 {[%clk 1:31:38]} Bb4 {[%clk 1:31:43]} 4. e3
{[%clk 1:31:58]} O-O {[%clk 1:31:50]} 5. Bd3 {[%clk 1:32:07]} c5 {[%clk 1:32:11]}
6. Nge2 {[%clk 1:31:04]} b6 {[%clk 1:31:41]} 7. O-O {[%clk 1:29:44]} Bxc3
{[%clk 1:31:35]} 8. bxc3 {[%clk 1:29:35]} d6 {[%clk 1:29:50]} 9. e4
{[%clk 1:28:12]} e5 {[%clk 1:27:00]} 10. Bg5 {[%clk 1:24:27]} h6 {[%clk 1:26:50]}
11. Bh4 {[%clk 1:24:04]} g5 {[%clk 1:23:30]} 12. Bg3 {[%clk 1:24:05]} Qe7
{[%clk 1:21:26]} 13. f3 {[%clk 1:11:59]} Nh5 {[%clk 1:14:00]} 14. Bf2
{[%clk 1:04:07]} Nf4 {[%clk 1:12:45]} 15. Ng3 {[%clk 0:58:05]} Nc6
{[%clk 1:10:46]} 16. Bc2 {[%clk 0:53:14]} Ba6 {[%clk 1:10:57]} 17. Nf5
{[%clk 0:48:39]} Qf6 {[%clk 1:11:10]} 18. Ba4 {[%clk 0:46:37]} Ne7
{[%clk 1:03:02]} 19. Nxe7+ {[%clk 0:40:34]} Qxe7 {[%clk 1:03:24]} 20. Bb5
{[%clk 0:40:30]} Bxb5 {[%clk 1:01:05]} 21. cxb5 {[%clk 0:39:53]} c4
{[%clk 1:00:39]} 22. Be3 {[%clk 0:36:03]} Nd3 {[%clk 1:01:01]} 23. h4
{[%clk 0:35:45]} f6 {[%clk 0:59:34]} 24. Qa4 {[%clk 0:34:35]} Rac8
{[%clk 0:58:35]} 25. Kh2 {[%clk 0:30:25]} Kh7 {[%clk 0:58:27]} 26. hxg5
{[%clk 0:29:49]} hxg5 {[%clk 0:58:06]} 27. g3 {[%clk 0:29:38]} Kg7
{[%clk 0:54:36]} 28. Kg2 {[%clk 0:28:56]} Rh8 {[%clk 0:54:15]} 29. Rh1
{[%clk 0:28:53]} Qc7 {[%clk 0:54:22]} 30. Qc2 {[%clk 0:27:03]} Rxh1
{[%clk 0:54:10]} 31. Rxh1 {[%clk 0:26:47]} Rh8 {[%clk 0:54:25]} 32. Qd2
{[%clk 0:26:36]} Rxh1 {[%clk 0:54:23]} 33. Kxh1 {[%clk 0:26:55]} Kg6
{[%clk 0:54:44]} 34. Qh2 {[%clk 0:25:27]} Ne1 {[%clk 0:50:06]} 35. Qf2
{[%clk 0:22:18]} Qh7+ {[%clk 0:50:24]} 36. Kg1 {[%clk 0:22:19]} Nd3
{[%clk 0:50:42]} 37. Qh2 {[%clk 0:21:44]} Qxh2+ {[%clk 0:49:20]} 38. Kxh2
{[%clk 0:22:08]} Ne1 {[%clk 0:49:42]} 39. f4 {[%clk 0:20:57]} exd4
{[%clk 0:50:00]} 40. cxd4 {[%clk 0:19:29]} c3 {[%clk 0:49:49]} 41. e5
{[%clk 0:19:00]} dxe5 {[%clk 0:49:53]} 42. fxe5 {[%clk 0:19:08]} fxe5
{[%clk 0:50:18]} 43. dxe5 {[%clk 0:19:25]} c2 {[%clk 0:50:30]} 44. e6
{[%clk 0:19:14]} Kf6 {[%clk 0:49:54]} 45. e7 {[%clk 0:18:48]} Kxe7
{[%clk 0:50:12]} 46. Bxg5+ {[%clk 0:18:58]} Kf7 {[%clk 0:50:38]} 47. Be3
{[%clk 0:18:58]} Nd3 {[%clk 0:50:57]} 0-1

[Event "EUYCC 2025 - U12"]
[Site "?"]
[Date "2025.08.27"]
[Round "9.7"]
[White "Ganea, Yanis-Andrei"]
[Black "Bogomolnikova, Zlata"]
[Result "1-0"]
[BlackElo "1798"]
[WhiteElo "1917"]
[LiveChessVersion "1.4.8"]

1. e4 {[%clk 1:30:58]} c5 {[%clk 1:30:51]} 2. Nf3 {[%clk 1:31:23]} d6
{[%clk 1:31:10]} 3. d4 {[%clk 1:31:47]} cxd4 {[%clk 1:31:29]} 4. Nxd4
{[%clk 1:32:11]} Nf6 {[%clk 1:31:22]} 5. Nc3 {[%clk 1:32:35]} a6 {[%clk 1:31:45]}
6. Bg5 {[%clk 1:32:59]} e6 {[%clk 1:29:54]} 7. Qd2 {[%clk 1:33:18]} Be7
{[%clk 1:26:14]} 8. f3 {[%clk 1:32:25]} Nbd7 {[%clk 1:22:09]} 9. O-O-O
{[%clk 1:31:33]} Qc7 {[%clk 1:20:46]} 10. Kb1 {[%clk 1:31:50]} O-O
{[%clk 1:19:55]} 11. h4 {[%clk 1:32:02]} b5 {[%clk 1:14:51]} 12. g4
{[%clk 1:30:20]} Nb6 {[%clk 1:12:36]} 13. Bd3 {[%clk 1:13:38]} Nc4
{[%clk 1:05:03]} 14. Qe2 {[%clk 1:13:02]} Rb8 {[%clk 0:57:22]} 15. Bc1
{[%clk 1:12:48]} Bd7 {[%clk 0:51:03]} 16. h5 {[%clk 1:10:52]} Rfc8
{[%clk 0:40:31]} 17. Rdf1 {[%clk 1:06:19]} b4 {[%clk 0:33:26]} 18. Nd1
{[%clk 1:05:40]} a5 {[%clk 0:29:38]} 19. Ne3 {[%clk 1:04:00]} Nxe3
{[%clk 0:19:55]} 20. Bxe3 {[%clk 1:03:57]} a4 {[%clk 0:18:42]} 21. g5
{[%clk 1:03:30]} Ne8 {[%clk 0:16:49]} 22. f4 {[%clk 1:00:29]} a3 {[%clk 0:14:40]}
23. f5 {[%clk 0:57:44]} e5 {[%clk 0:12:05]} 24. Nb3 {[%clk 0:57:41]} Bb5
{[%clk 0:06:13]} 25. h6 {[%clk 0:52:25]} Bxd3 {[%clk 0:03:18]} 26. Qxd3
{[%clk 0:52:00]} g6 {[%clk 0:02:11]} 27. fxg6 {[%clk 0:51:38]} fxg6
{[%clk 0:01:59]} 28. Qd5+ {[%clk 0:50:59]} Kh8 {[%clk 0:02:19]} 29. Rh2
{[%clk 0:51:01]} Qc4 {[%clk 0:01:49]} 30. Rf7 {[%clk 0:48:25]} Qxd5
{[%clk 0:01:36]} 31. exd5 {[%clk 0:48:46]} Rc7 {[%clk 0:00:56]} 32. Rhf2
{[%clk 0:48:58]} Kg8 {[%clk 0:01:17]} 33. Na5 {[%clk 0:49:13]} Rbc8
{[%clk 0:00:40]} 34. Nc6 {[%clk 0:49:28]} Rxc6 {[%clk 0:00:44]} 35. dxc6
{[%clk 0:49:35]} Rc7 {[%clk 0:01:00]} 36. Bb6 {[%clk 0:49:54]} 1-0

[Event "EUYCC 2025 - U12"]
[Site "?"]
[Date "2025.08.27"]
[Round "9.8"]
[White "Gawerska, Karolina"]
[Black "Hrckova, Anna"]
[Result "1-0"]
[BlackElo "1705"]
[WhiteElo "1583"]
[LiveChessVersion "1.4.8"]

1. d4 {[%clk 1:30:58]} d5 {[%clk 1:30:55]} 2. Nf3 {[%clk 1:31:23]} Nf6
{[%clk 1:31:19]} 3. c4 {[%clk 1:31:46]} c6 {[%clk 1:31:46]} 4. g3
{[%clk 1:32:10]} e6 {[%clk 1:30:31]} 5. Bg2 {[%clk 1:32:36]} dxc4
{[%clk 1:30:51]} 6. Qc2 {[%clk 1:32:50]} b5 {[%clk 1:29:47]} 7. O-O
{[%clk 1:31:36]} Be7 {[%clk 1:26:06]} 8. Rd1 {[%clk 1:24:25]} a6 {[%clk 1:11:06]}
9. a4 {[%clk 1:04:42]} Bb7 {[%clk 1:09:42]} 10. Ne5 {[%clk 1:04:34]} O-O
{[%clk 1:03:01]} 11. axb5 {[%clk 1:01:23]} axb5 {[%clk 1:02:51]} 12. Rxa8
{[%clk 1:01:03]} Bxa8 {[%clk 1:03:05]} 13. Nc3 {[%clk 1:00:01]} Qb6
{[%clk 0:55:21]} 14. b3 {[%clk 0:55:22]} cxb3 {[%clk 0:53:13]} 15. Qxb3
{[%clk 0:55:15]} Rd8 {[%clk 0:45:41]} 16. e3 {[%clk 0:46:34]} Nbd7
{[%clk 0:39:36]} 17. Nd3 {[%clk 0:43:06]} Nd5 {[%clk 0:36:47]} 18. Nxd5
{[%clk 0:43:15]} exd5 {[%clk 0:33:57]} 19. Bd2 {[%clk 0:43:00]} Bb7
{[%clk 0:31:29]} 20. Rc1 {[%clk 0:42:15]} c5 {[%clk 0:20:37]} 21. dxc5
{[%clk 0:42:24]} Nxc5 {[%clk 0:20:22]} 22. Nxc5 {[%clk 0:42:37]} Bxc5
{[%clk 0:20:28]} 23. h4 {[%clk 0:42:11]} h6 {[%clk 0:17:41]} 24. Kh2
{[%clk 0:23:20]} b4 {[%clk 0:08:55]} 25. Rb1 {[%clk 0:23:29]} Bc6
{[%clk 0:08:35]} 26. Rc1 {[%clk 0:14:11]} Be7 {[%clk 0:03:44]} 27. Bc3
{[%clk 0:12:53]} Rb8 {[%clk 0:04:00]} 28. Bd4 {[%clk 0:13:13]} Qb5
{[%clk 0:02:56]} 29. Ra1 {[%clk 0:12:37]} Qc4 {[%clk 0:02:20]} 30. Qb2
{[%clk 0:12:53]} b3 {[%clk 0:02:11]} 31. Rc1 {[%clk 0:12:52]} Qa6
{[%clk 0:00:51]} 32. Ra1 {[%clk 0:13:15]} Qd3 {[%clk 0:01:15]} 33. Rc1
{[%clk 0:13:22]} Qg6 {[%clk 0:00:52]} 34. Rc3 {[%clk 0:13:20]} Ba4
{[%clk 0:00:32]} 35. Rc1 {[%clk 0:13:32]} Bf8 {[%clk 0:00:33]} 36. Bxd5
{[%clk 0:13:51]} Qd6 {[%clk 0:00:39]} 37. Bg2 {[%clk 0:12:18]} Qa3
{[%clk 0:00:58]} 38. Ra1 {[%clk 0:10:46]} Qxb2 {[%clk 0:00:56]} 39. Bxb2
{[%clk 0:11:09]} Bd7 {[%clk 0:01:00]} 40. Be4 {[%clk 0:11:28]} 1-0

[Event "EUYCC 2025 - U12"]
[Site "?"]
[Date "2025.08.27"]
[Round "9.9"]
[White "Rudys, Augustas"]
[Black "Menkov, Ivan"]
[Result "1-0"]
[BlackElo "1657"]
[WhiteElo "1555"]
[LiveChessVersion "1.4.8"]

1. e4 {[%clk 1:30:55]} e5 {[%clk 1:30:56]} 2. Nf3 {[%clk 1:31:20]} Nc6
{[%clk 1:31:21]} 3. Bc4 {[%clk 1:31:46]} Nf6 {[%clk 1:31:46]} 4. Ng5
{[%clk 1:31:44]} d5 {[%clk 1:32:09]} 5. exd5 {[%clk 1:32:04]} Nd4
{[%clk 1:32:33]} 6. c3 {[%clk 1:31:53]} b5 {[%clk 1:32:59]} 7. Bf1
{[%clk 1:32:17]} Nxd5 {[%clk 1:33:20]} 8. cxd4 {[%clk 1:32:01]} Qxg5
{[%clk 1:33:43]} 9. Bxb5+ {[%clk 1:32:10]} Kd8 {[%clk 1:34:05]} 10. O-O
{[%clk 1:31:21]} Bb7 {[%clk 1:34:23]} 11. Qf3 {[%clk 1:30:38]} Rb8
{[%clk 1:32:44]} 12. dxe5 {[%clk 1:29:42]} Ne3 {[%clk 1:31:28]} 13. Qh3
{[%clk 1:28:35]} Qxg2+ {[%clk 1:31:03]} 14. Qxg2 {[%clk 1:27:24]} Nxg2
{[%clk 1:31:26]} 15. d4 {[%clk 1:26:06]} Nh4 {[%clk 1:27:36]} 16. Be2
{[%clk 1:25:15]} Bf3 {[%clk 1:19:38]} 17. Bg5+ {[%clk 1:24:18]} Be7
{[%clk 1:19:59]} 18. Bxh4 {[%clk 1:19:06]} Bxe2 {[%clk 1:20:21]} 19. Bxe7+
{[%clk 1:19:10]} Kxe7 {[%clk 1:20:44]} 20. Rc1 {[%clk 1:18:58]} Kd7
{[%clk 1:19:43]} 21. Rc2 {[%clk 1:16:19]} Bg4 {[%clk 1:19:16]} 22. Na3
{[%clk 1:11:33]} Rb4 {[%clk 1:19:24]} 23. Rac1 {[%clk 1:10:56]} Rc8
{[%clk 1:18:42]} 24. Nc4 {[%clk 1:03:21]} Ke7 {[%clk 1:09:54]} 25. d5
{[%clk 1:00:30]} Rb5 {[%clk 1:04:56]} 26. Ne3 {[%clk 0:57:10]} Bf3
{[%clk 1:01:51]} 27. Nf5+ {[%clk 0:55:04]} 1-0

[Event "EUYCC 2025 - U12"]
[Site "?"]
[Date "2025.08.27"]
[Round "9.10"]
[White "Hamernikova, Iris"]
[Black "Fei, Emie"]
[Result "0-1"]
[BlackElo "1557"]
[WhiteElo "1511"]
[LiveChessVersion "1.4.8"]

1. c4 {[%clk 1:30:57]} Nf6 {[%clk 1:30:23]} 2. Nc3 {[%clk 1:31:19]} e6
{[%clk 1:30:35]} 3. g3 {[%clk 1:31:43]} d5 {[%clk 1:30:34]} 4. Bg2
{[%clk 1:32:04]} c6 {[%clk 1:29:00]} 5. Nf3 {[%clk 1:32:22]} Bd6 {[%clk 1:28:04]}
6. O-O {[%clk 1:32:31]} O-O {[%clk 1:28:08]} 7. d4 {[%clk 1:32:54]} Nbd7
{[%clk 1:27:28]} 8. c5 {[%clk 1:31:04]} Bc7 {[%clk 1:26:06]} 9. b4
{[%clk 1:31:13]} e5 {[%clk 1:21:37]} 10. e3 {[%clk 1:30:20]} exd4
{[%clk 1:15:39]} 11. exd4 {[%clk 1:30:43]} Re8 {[%clk 1:14:12]} 12. Bb2
{[%clk 1:17:30]} Nf8 {[%clk 1:09:36]} 13. a4 {[%clk 1:13:11]} Bg4
{[%clk 1:06:45]} 14. Re1 {[%clk 1:10:03]} Ne4 {[%clk 1:02:43]} 15. Qc2
{[%clk 0:54:10]} Nxc3 {[%clk 0:58:55]} 16. Bxc3 {[%clk 0:54:30]} Bxf3
{[%clk 0:56:05]} 17. Bxf3 {[%clk 0:54:27]} Qf6 {[%clk 0:55:16]} 18. Bg2
{[%clk 0:53:59]} Ne6 {[%clk 0:54:46]} 19. Qd3 {[%clk 0:38:27]} h5
{[%clk 0:46:02]} 20. Qf3 {[%clk 0:26:37]} Qxf3 {[%clk 0:42:54]} 21. Bxf3
{[%clk 0:27:03]} g6 {[%clk 0:42:30]} 22. h4 {[%clk 0:27:19]} Rab8
{[%clk 0:39:45]} 23. a5 {[%clk 0:20:10]} a6 {[%clk 0:37:59]} 24. Bb2
{[%clk 0:18:47]} Kg7 {[%clk 0:35:54]} 25. Ra3 {[%clk 0:19:04]} f5
{[%clk 0:26:01]} 26. Rae3 {[%clk 0:17:14]} Kf7 {[%clk 0:26:07]} 27. R3e2
{[%clk 0:17:30]} Ng7 {[%clk 0:24:10]} 28. Kg2 {[%clk 0:15:24]} Rxe2
{[%clk 0:23:16]} 29. Rxe2 {[%clk 0:15:50]} Re8 {[%clk 0:22:12]} 30. Rxe8
{[%clk 0:16:13]} Nxe8 {[%clk 0:22:32]} 31. Bd1 {[%clk 0:16:23]} Nf6
{[%clk 0:21:58]} 32. f3 {[%clk 0:16:47]} Bd8 {[%clk 0:18:23]} 33. Kh3
{[%clk 0:17:00]} Ke6 {[%clk 0:18:34]} 34. Bc1 {[%clk 0:13:53]} Kf7
{[%clk 0:17:26]} 35. Bg5 {[%clk 0:13:07]} Ke6 {[%clk 0:17:05]} 36. g4
{[%clk 0:12:24]} hxg4+ {[%clk 0:15:40]} 37. fxg4 {[%clk 0:12:45]} fxg4+
{[%clk 0:14:59]} 38. Bxg4+ {[%clk 0:12:15]} Nxg4 39. Kxg4 Bxg5 {[%clk 0:14:19]}
40. Kxg5 {[%clk 0:11:36]} Kf7 {[%clk 0:14:45]} 41. Kh6 {[%clk 0:08:16]} Kf6
{[%clk 0:14:52]} 42. Kh7 {[%clk 0:08:39]} g5 {[%clk 0:13:49]} 43. hxg5+
{[%clk 0:08:12]} Kxg5 {[%clk 0:14:15]} 44. Kg7 {[%clk 0:08:39]} Kf5
{[%clk 0:14:37]} 45. Kf7 {[%clk 0:09:03]} Ke4 {[%clk 0:14:59]} 46. Ke7
{[%clk 0:09:30]} Kxd4 {[%clk 0:15:14]} 47. Kd7 {[%clk 0:09:59]} Kc4
{[%clk 0:15:19]} 48. Kc7 {[%clk 0:10:24]} d4 {[%clk 0:15:31]} 49. Kxb7 Kb5
{[%clk 0:15:50]} 0-1

[Event "EUYCC 2025 - U12"]
[Site "?"]
[Date "2025.08.27"]
[Round "9.11"]
[White "Hroch, Pavel"]
[Black "Janovicek, Lukas"]
[Result "0-1"]
[BlackElo "1835"]
[WhiteElo "1457"]
[LiveChessVersion "1.4.8"]

1. e4 {[%clk 1:30:56]} c5 {[%clk 1:30:57]} 2. Nf3 {[%clk 1:31:17]} Nc6
{[%clk 1:31:23]} 3. d4 {[%clk 1:31:39]} cxd4 {[%clk 1:31:50]} 4. Nxd4
{[%clk 1:32:02]} g6 {[%clk 1:32:10]} 5. Nc3 {[%clk 1:32:22]} Bg7 {[%clk 1:32:31]}
6. Be3 {[%clk 1:32:43]} Nf6 {[%clk 1:32:46]} 7. Bc4 {[%clk 1:33:06]} Qa5
{[%clk 1:33:02]} 8. O-O {[%clk 1:33:26]} O-O {[%clk 1:33:20]} 9. Bb3
{[%clk 1:33:46]} d6 {[%clk 1:33:05]} 10. h3 {[%clk 1:34:05]} Bd7 {[%clk 1:33:01]}
11. f4 {[%clk 1:31:38]} Rac8 {[%clk 1:23:43]} 12. Qd3 {[%clk 1:27:13]} Nb4
{[%clk 1:19:09]} 13. Qd2 {[%clk 1:25:34]} Na6 {[%clk 1:17:45]} 14. Rad1
{[%clk 1:23:58]} Nc5 {[%clk 1:14:49]} 15. Rf3 {[%clk 1:10:44]} Qc7
{[%clk 1:10:47]} 16. Qe2 {[%clk 0:57:48]} a6 {[%clk 1:09:52]} 17. a4
{[%clk 0:53:36]} e5 {[%clk 1:08:14]} 18. fxe5 {[%clk 0:49:27]} dxe5
{[%clk 1:08:29]} 19. Rxf6 {[%clk 0:47:10]} Bxf6 {[%clk 1:06:41]} 20. Nd5
{[%clk 0:46:24]} Qd8 {[%clk 1:05:02]} 21. Nf3 {[%clk 0:45:13]} Nxb3
{[%clk 0:49:31]} 22. cxb3 {[%clk 0:45:34]} Bc6 {[%clk 0:48:26]} 23. Nb6
{[%clk 0:45:17]} Qe7 {[%clk 0:48:11]} 24. Nxc8 {[%clk 0:44:05]} Rxc8
{[%clk 0:48:34]} 25. Qc4 {[%clk 0:42:05]} b5 {[%clk 0:45:23]} 26. axb5
{[%clk 0:42:10]} axb5 {[%clk 0:45:44]} 27. Qc3 {[%clk 0:38:38]} Bb7
{[%clk 0:41:33]} 28. Qd3 {[%clk 0:34:51]} Qb4 29. Nd2 {[%clk 0:33:01]} Rd8
{[%clk 0:34:22]} 30. Qc2 {[%clk 0:32:00]} Bxe4 {[%clk 0:21:43]} 31. Nxe4
{[%clk 0:32:16]} Rxd1+ {[%clk 0:22:06]} 32. Qxd1 {[%clk 0:32:26]} Qxe4
{[%clk 0:22:25]} 33. Qd2 {[%clk 0:30:24]} Qb1+ {[%clk 0:21:19]} 34. Kf2 e4
{[%clk 0:20:32]} 35. Kg3 {[%clk 0:28:41]} Qxb2 {[%clk 0:20:25]} 36. Qd7
{[%clk 0:25:54]} Qxb3 {[%clk 0:18:27]} 37. Qa7 {[%clk 0:25:41]} Be5+
{[%clk 0:18:05]} 38. Kh4 {[%clk 0:25:08]} Bf6+ {[%clk 0:15:25]} 39. Kg4
{[%clk 0:25:09]} Qe6+ {[%clk 0:14:36]} 0-1

[Event "EUYCC 2025 - U12"]
[Site "?"]
[Date "2025.08.27"]
[Round "9.12"]
[White "Vanek, Martin"]
[Black "Svabova, Klara"]
[Result "1-0"]
[BlackElo "1653"]
[WhiteElo "1791"]
[LiveChessVersion "1.4.8"]

1. d4 {[%clk 1:30:57]} d5 {[%clk 1:30:53]} 2. c4 {[%clk 1:31:22]} e6
{[%clk 1:31:18]} 3. Nf3 {[%clk 1:31:48]} Nf6 {[%clk 1:31:39]} 4. g3
{[%clk 1:32:13]} Be7 {[%clk 1:32:01]} 5. Bg2 {[%clk 1:32:38]} O-O
{[%clk 1:32:22]} 6. O-O {[%clk 1:33:02]} Nc6 {[%clk 1:32:27]} 7. b3
{[%clk 1:31:17]} b6 {[%clk 1:32:25]} 8. Nc3 {[%clk 1:30:39]} Bb7 {[%clk 1:32:40]}
9. Ne5 {[%clk 1:28:13]} Rb8 {[%clk 1:30:34]} 10. Bf4 {[%clk 1:26:13]} Nxe5
{[%clk 1:29:03]} 11. dxe5 {[%clk 1:23:52]} Ne4 {[%clk 1:28:39]} 12. Nxe4
{[%clk 1:23:10]} dxe4 {[%clk 1:29:02]} 13. Qc2 {[%clk 1:22:49]} c5
{[%clk 1:26:01]} 14. Rad1 {[%clk 1:20:29]} Qc7 {[%clk 1:26:07]} 15. Bxe4
{[%clk 1:19:45]} Bxe4 {[%clk 1:26:30]} 16. Qxe4 {[%clk 1:20:13]} b5
{[%clk 1:24:26]} 17. cxb5 {[%clk 1:12:30]} Rxb5 {[%clk 1:24:41]} 18. Rd2
{[%clk 1:08:56]} Rb4 {[%clk 1:24:22]} 19. Qc2 {[%clk 1:07:11]} Rd8
{[%clk 1:22:59]} 20. Rfd1 {[%clk 1:06:08]} Qb6 {[%clk 1:22:04]} 21. Rxd8+
{[%clk 1:03:59]} Bxd8 {[%clk 1:21:57]} 22. a3 {[%clk 0:57:59]} Rd4
{[%clk 1:20:39]} 23. Rc1 {[%clk 0:51:04]} Be7 {[%clk 1:19:43]} 24. Be3
{[%clk 0:43:56]} Rd5 {[%clk 1:18:37]} 25. b4 {[%clk 0:41:27]} h6 {[%clk 1:18:33]}
26. Bxc5 {[%clk 0:40:56]} Qb7 {[%clk 1:18:15]} 27. Bxe7 {[%clk 0:36:47]} Qxe7
{[%clk 1:18:39]} 28. f4 {[%clk 0:34:16]} g6 {[%clk 1:16:39]} 29. Qc7
{[%clk 0:26:51]} Rd7 {[%clk 1:16:05]} 30. Qc5 {[%clk 0:27:01]} Qe8
{[%clk 1:16:14]} 31. Kf2 {[%clk 0:22:50]} Kg7 {[%clk 1:16:11]} 32. Rc3
{[%clk 0:20:58]} Qd8 {[%clk 1:16:03]} 33. Qc8 {[%clk 0:20:14]} Qe7
{[%clk 1:15:37]} 34. Rd3 {[%clk 0:18:49]} Rxd3 {[%clk 1:15:35]} 35. exd3
{[%clk 0:19:16]} g5 {[%clk 1:15:58]} 36. f5 {[%clk 0:17:06]} exf5
{[%clk 1:16:12]} 37. Qxf5 {[%clk 0:17:19]} Qb7 {[%clk 1:16:34]} 38. Qe4
{[%clk 0:13:49]} Qc8 {[%clk 1:16:38]} 39. Qe2 {[%clk 0:09:29]} Qf5+
{[%clk 1:16:32]} 40. Kg2 {[%clk 0:09:33]} Qc8 {[%clk 1:16:22]} 41. d4
{[%clk 0:09:11]} Qc6+ {[%clk 1:16:28]} 42. Qf3 {[%clk 0:08:33]} Qc2+
{[%clk 1:16:32]} 43. Kh3 {[%clk 0:08:18]} f5 {[%clk 1:16:35]} 44. exf6+
{[%clk 0:08:10]} Kf7 {[%clk 1:16:47]} 45. Qh5+ {[%clk 0:07:07]} Ke6
{[%clk 1:16:46]} 46. f7 {[%clk 0:06:32]} Ke7 {[%clk 1:16:47]} 47. f8=Q+
{[%clk 0:04:33]} Kxf8 {[%clk 1:17:11]} 48. Qxh6+ {[%clk 0:04:54]} Ke8
{[%clk 1:17:32]} 49. Qh5+ {[%clk 0:04:11]} Kd7 {[%clk 1:17:03]} 50. Qxg5
{[%clk 0:03:47]} Qh7+ {[%clk 1:17:25]} 51. Qh4 {[%clk 0:04:02]} Qf7
{[%clk 1:17:11]} 52. Qg4+ {[%clk 0:04:09]} Kd8 {[%clk 1:17:14]} 53. Qg5+
{[%clk 0:03:46]} Kd7 {[%clk 1:17:15]} 54. Qb5+ {[%clk 0:03:11]} Kc8
{[%clk 1:17:14]} 55. Qc5+ {[%clk 0:02:54]} Kb8 {[%clk 1:17:28]} 56. Qe5+
{[%clk 0:02:59]} Kc8 {[%clk 1:17:19]} 57. Qf4 {[%clk 0:01:22]} Qh7+
{[%clk 1:16:45]} 58. Qh4 {[%clk 0:01:11]} Qf7 {[%clk 1:16:53]} 59. Qg4+
{[%clk 0:01:23]} Kd8 {[%clk 1:17:04]} 60. Qg5+ {[%clk 0:01:04]} Kc8
{[%clk 1:17:10]} 61. d5 {[%clk 0:00:58]} Qf1+ {[%clk 1:16:53]} 62. Kh4
{[%clk 0:01:14]} Qf7 {[%clk 1:16:41]} 63. Kg4 {[%clk 0:00:53]} Qe8
{[%clk 1:16:16]} 64. Qf5+ {[%clk 0:00:54]} Kb8 {[%clk 1:16:31]} 65. Qf4+
{[%clk 0:00:55]} Kc8 {[%clk 1:16:50]} 66. Qc4+ {[%clk 0:00:42]} Kb8
{[%clk 1:17:03]} 67. Kf3 {[%clk 0:00:43]} Qh5+ {[%clk 1:17:01]} 68. Kg2
{[%clk 0:00:57]} Qe8 {[%clk 1:16:37]} 69. d6 {[%clk 0:01:08]} Ka8
{[%clk 1:16:15]} 70. Kf3 {[%clk 0:00:42]} Qf8+ {[%clk 1:16:08]} 71. Qf4
{[%clk 0:00:59]} Qg8 {[%clk 1:15:50]} 72. Qe4+ {[%clk 0:00:40]} Kb8
{[%clk 1:16:06]} 73. Kg2 {[%clk 0:00:37]} Qh8 {[%clk 1:15:54]} 74. d7
{[%clk 0:00:39]} Qb2+ {[%clk 1:16:11]} 75. Kh3 {[%clk 0:00:58]} Kc7
{[%clk 1:15:26]} 76. Qe8 {[%clk 0:01:12]} 1-0

[Event "EUYCC 2025 - U12"]
[Site "?"]
[Date "2025.08.27"]
[Round "9.13"]
[White "Guzdziol, Olaf"]
[Black "Tanase, Andreea"]
[Result "0-1"]
[BlackElo "1516"]
[WhiteElo "1492"]
[LiveChessVersion "1.4.8"]

1. e4 {[%clk 1:30:57]} c5 {[%clk 1:30:55]} 2. Nc3 {[%clk 1:31:13]} Nc6
{[%clk 1:31:18]} 3. Bb5 {[%clk 1:31:37]} Nd4 {[%clk 1:30:26]} 4. Bc4
{[%clk 1:31:59]} e6 {[%clk 1:30:49]} 5. Nge2 {[%clk 1:31:52]} Nxe2
{[%clk 1:30:23]} 6. Qxe2 {[%clk 1:31:56]} a6 {[%clk 1:25:58]} 7. a4
{[%clk 1:31:20]} g6 {[%clk 1:21:03]} 8. f4 {[%clk 1:31:03]} Bg7 {[%clk 1:14:24]}
9. O-O {[%clk 1:29:24]} Ne7 {[%clk 1:14:14]} 10. f5 {[%clk 1:29:05]} Bd4+
{[%clk 1:06:53]} 11. Kh1 {[%clk 1:29:31]} exf5 {[%clk 1:03:26]} 12. exf5
{[%clk 1:28:57]} O-O {[%clk 1:03:07]} 13. f6 {[%clk 1:29:11]} Nf5
{[%clk 1:02:19]} 14. g4 {[%clk 1:26:44]} Nd6 {[%clk 0:59:43]} 15. Nd5
{[%clk 1:26:02]} Nxc4 {[%clk 0:52:56]} 16. Ne7+ {[%clk 1:25:53]} Kh8
{[%clk 0:53:09]} 17. Qxc4 {[%clk 1:26:17]} Bxf6 {[%clk 0:48:18]} 18. Nxc8
{[%clk 1:26:11]} Rxc8 {[%clk 0:48:34]} 19. g5 {[%clk 1:26:23]} Bxg5
{[%clk 0:41:36]} 20. Rxf7 {[%clk 1:26:40]} Rxf7 {[%clk 0:41:48]} 21. Qxf7
{[%clk 1:27:05]} Qf8 {[%clk 0:41:17]} 22. Qc4 {[%clk 1:27:30]} Qf3+
{[%clk 0:40:27]} 23. Kg1 {[%clk 1:27:30]} Qd1+ {[%clk 0:39:13]} 24. Kg2
{[%clk 1:27:38]} Rf8 {[%clk 0:32:29]} 25. Qd3 {[%clk 1:26:24]} Qg4+
{[%clk 0:29:06]} 26. Kh1 {[%clk 1:25:19]} c4 {[%clk 0:27:51]} 27. Qc3+
{[%clk 1:24:56]} Kg8 {[%clk 0:27:30]} 28. Qg3 {[%clk 1:21:48]} Qd1+
{[%clk 0:27:16]} 0-1